header

Herndon's Lincoln (Record no. 11311)

MARC details
000 -LEADER
fixed length control field 01426nam a2200349Ia 4500
100 1# - MAIN ENTRY--AUTHOR NAME
Personal name Herndon, William Henry,
245 10 - TITLE STATEMENT
Title Herndon's Lincoln
260 ## - PUBLICATION, DISTRIBUTION, ETC. (IMPRINT)
Place of publication Scituate, Mass. :
Name of publisher Digital Scanning,
Year of publication 2000.
300 ## - PHYSICAL DESCRIPTION
Number of Pages xx, 638 p.
500 ## - GENERAL NOTE
General note "As published in 1888."
General note Includes index.
General note Originally published : Herndon's Lincoln : the true story of a great life ; the history and personal recollections of abraham Lincoln. Springfield, IL : The Herndon's Lincoln Publishing Co., 1888.
856 40 - ELECTRONIC LOCATION AND ACCESS
Uniform Resource Identifier http://site.ebrary.com/lib/rucke/Doc?id=10015039

No items available.

© 2026 Rongo University
Contact us: librarian | system librarian | Rongo university